000 00291nam a22001337a 4500
008 171002b xxu||||| |||| 00| 0 eng d
020 _a9780618890552
041 _aeng
080 _22RD
_a37
100 _a47
101 _aEDU
245 _aTHE READER'S CORNER
_cKANAR,C
942 _2udc
_cBK
999 _c31110
_d31110